| 000 | 00670nam a2200229 a 4500 | ||
|---|---|---|---|
| 001 | 25208 | ||
| 003 | CO-ViMGA | ||
| 008 | 141112s2004 ck r 000 u spa d | ||
| 015 | _ack - 2005 - xxxx | ||
| 040 |
_aCO-ViMGA _bspa _cCO-ViMGA |
||
| 090 | _aTREe | ||
| 100 | 1 |
_aTreehouse, Emma _938389 |
|
| 245 | 1 | 0 |
_aElena Estrella de Mar - Formas / _cEmma Treehouse |
| 260 |
_aBogotá : _bPanAméricana, _c2008 |
||
| 300 | _a1 libro plástico [8 p.] : il. ; 15 cm. | ||
| 500 | _aLibro plastico sumergible en agua | ||
| 596 | _a5 7 | ||
| 650 | 1 | 4 |
_aCuentos infantiles _92743 |
| 650 | 1 | 4 |
_aLibros ilustrados para niños _92001 |
| 917 | _a3094 20050621 | ||
| 942 |
_2ddc _cBK |
||
| 999 |
_c32834 _d32834 |
||